[Event "Bunratty Open"]
[Site "Bunratty IRL"]
[Date "2012.02.19"]
[Round "6"]
[White "Short, Nigel D"]
[Black "Jones, Gawain C B"]
[Result "1/2-1/2"]
[WhiteElo "2677"]
[BlackElo "2653"]
[PlyCount "116"]
[EventDate "2012.02.17"]

1. e4 c5 2. b3 g6 3. Bb2 Nf6 4. Qf3 Bg7 5. e5 Ng8 6. e6 Nf6 7. exf7+ Kxf7 8. g4
h6 9. Nc3 d5 10. h3 e6 11. O-O-O Nc6 12. Re1 Nd4 13. Qg2 Bd7 14. Nf3 Nxf3 15.
Qxf3 Bc6 16. Bd3 Qd6 17. h4 g5 18. Qe2 a6 19. f4 gxf4 20. g5 Ne4 21. g6+ Ke7
22. Nxd5+ Bxd5 23. Bxg7 Ng3 24. Qg4 Nxh1 25. Be5 Qd8 26. g7 Rg8 27. Qxf4 Kd7
28. c4 Bc6 29. Be4 Qe7 30. Bxc6+ Kxc6 31. Rg1 Qd7 32. Qf3+ Kb6 33. Qxh1 Rad8
34. Qh2 Qf7 35. Qe2 Qf5 36. h5 Rd7 37. Rg6 Ka7 38. Rxh6 Rdxg7 39. Bxg7 Rxg7 40.
Qe3 Rg5 41. Rxe6 Rxh5 42. Kb2 Rh1 43. Ka3 Rh3 44. Qe5 Qxe5 45. Rxe5 Rh2 46. Rd5
Kb6 47. b4 cxb4+ 48. Kxb4 Kc6 49. a4 b6 50. a5 b5 51. Rc5+ Kb7 52. Kc3 bxc4 53.
Rxc4 Rh5 54. Kb4 Rd5 55. d4 Kb8 56. Ka4 Kb7 57. Rb4+ Kc7 58. Rc4+ Kd7 1/2-1/2

[Event "12th BCC Open"]
[Site "Bangkok THA"]
[Date "2012.04.14"]
[Round "3"]
[White "Severino, Sander"]
[Black "Short, Nigel D"]
[Result "1/2-1/2"]
[WhiteElo "2344"]
[BlackElo "2697"]
[PlyCount "93"]
[EventDate "2012.04.13"]

1. d4 e6 2. Nf3 c5 3. c3 Nf6 4. e3 Nc6 5. Bd3 d5 6. Nbd2 Qc7 7. O-O Bd7 8. Qe2
h6 9. a3 g5 10. g3 O-O-O 11. dxc5 e5 12. e4 dxe4 13. Nxe4 Nxe4 14. Bxe4 f5 15.
Bxc6 Bxc6 16. Qxe5 Qf7 17. Nd4 Rxd4 18. Qxd4 Bg7 19. Qd3 Rd8 20. Qe2 Re8 21.
Qd1 Qc4 22. f3 f4 23. Re1 Qxc5+ 24. Kg2 Rd8 25. Qe2 g4 26. Qf2 gxf3+ 27. Kg1
Bf8 28. b4 fxg3 29. hxg3 Qh5 30. Bf4 Qh3 31. Rad1 Be7 32. Rxd8+ Bxd8 33. c4 Bb6
34. c5 Bd8 35. Rd1 Be7 36. Rd2 h5 37. Qf1 Qe6 38. Kh2 h4 39. Qh3 hxg3+ 40. Kxg3
Qxh3+ 41. Kxh3 Bf6 42. Kg3 Bc3 43. Rd1 a5 44. Bd2 Ba4 45. Bxc3 Bxd1 46. bxa5
Kd7 47. Kf2 1/2-1/2

[Event "12th BCC Open"]
[Site "Bangkok THA"]
[Date "2012.04.15"]
[Round "4"]
[White "Short, Nigel D"]
[Black "Voigt, Martin"]
[Result "1-0"]
[WhiteElo "2697"]
[BlackElo "2364"]
[PlyCount "86"]
[EventDate "2012.04.13"]

1. e4 e6 2. d4 d5 3. Nc3 Bb4 4. a3 Bxc3+ 5. bxc3 dxe4 6. Qg4 Nf6 7. Qxg7 Rg8 8.
Qh6 Nbd7 9. h3 b6 10. Bb2 Bb7 11. O-O-O Qe7 12. Ne2 O-O-O 13. c4 Ne8 14. Nc3 f5
15. Rg1 a6 16. Be2 Nd6 17. Kb1 Kb8 18. g4 Qf7 19. Qf4 Nf8 20. c5 Ng6 21. Qh6
Nc8 22. gxf5 exf5 23. h4 bxc5 24. h5 Nge7 25. dxc5 Rxd1+ 26. Rxd1 f4 27. Bc1 f3
28. Bf1 Nf5 29. Qf4 Qe6 30. Bh3 Nce7 31. Re1 Rf8 32. Nxe4 Qc4 33. Bf1 Qa4 34.
Ng5 Qxf4 35. Bxf4 Nd5 36. Bd2 h6 37. Nxf3 Nc3+ 38. Bxc3 Bxf3 39. Be2 Nh4 40.
Bxa6 Ng2 41. Re6 Nf4 42. Rxh6 Nxh5 43. Rh8 Rxh8 1-0

[Event "12th BCC Open"]
[Site "Bangkok THA"]
[Date "2012.04.15"]
[Round "5"]
[White "Liu, Qingnan"]
[Black "Short, Nigel D"]
[Result "0-1"]
[WhiteElo "2461"]
[BlackElo "2697"]
[PlyCount "102"]
[EventDate "2012.04.13"]

1. e4 c5 2. Nf3 Nc6 3. d4 cxd4 4. Nxd4 Qb6 5. Nb3 Nf6 6. Bd3 e6 7. O-O Be7 8.
Be3 Qc7 9. f4 d6 10. c4 Nb4 11. Nc3 Nxd3 12. Qxd3 O-O 13. Rac1 b6 14. Bd4 Bb7
15. f5 Rad8 16. Qg3 Kh8 17. Nd2 Qd7 18. Rcd1 Rg8 19. Qh3 e5 20. Be3 g5 21. g4
Qe8 22. a4 Rc8 23. b3 Rg7 24. Nb5 a6 25. Nc3 h5 26. Bxb6 Rh7 27. Nd5 Bxd5 28.
exd5 hxg4 29. Qg2 Bd8 30. Be3 Qg8 31. c5 Rh3 32. Nc4 dxc5 33. Rfe1 e4 34. Ne5
Rb8 35. Qb2 g3 36. Re2 Qh7 37. Nc6 gxh2+ 38. Kh1 Qh5 39. Rde1 Rxb3 40. Qxb3
Qf3+ 41. Rg2 Nh5 42. Bd4+ cxd4 43. Qxf3 exf3 44. Nxd8 fxg2+ 45. Kxg2 h1=Q+ 46.
Rxh1 Nf4+ 47. Kf2 Rxh1 48. d6 Kg7 49. d7 Rh8 50. Nc6 d3 51. Ke3 g4 0-1

[Event "12th BCC Open"]
[Site "Bangkok THA"]
[Date "2012.04.16"]
[Round "6"]
[White "Venkatesh, M.R."]
[Black "Short, Nigel D"]
[Result "0-1"]
[WhiteElo "2509"]
[BlackElo "2697"]
[PlyCount "82"]
[EventDate "2012.04.13"]

1. c4 e5 2. Nc3 d6 3. g3 Be6 4. Bg2 Nc6 5. d3 Qd7 6. Rb1 g6 7. b4 Bg7 8. b5 Nd8
9. a4 Ne7 10. Nd5 O-O 11. a5 a6 12. b6 c6 13. Nc7 Rc8 14. Ba3 f5 15. Nf3 h6 16.
O-O Bf7 17. c5 d5 18. d4 e4 19. Ne5 Bxe5 20. dxe5 Ne6 21. Nxe6 Bxe6 22. f4 exf3
23. exf3 f4 24. Rb4 fxg3 25. hxg3 Nf5 26. Qe1 g5 27. Bb2 Qe7 28. Qf2 Rf7 29.
Bh3 Rcf8 30. Bxf5 Rxf5 31. f4 gxf4 32. Rxf4 Rxf4 33. gxf4 Kh7 34. Kg2 Rg8+ 35.
Kf3 Bg4+ 36. Ke3 Qxc5+ 37. Kd2 Qxa5+ 38. Kc1 Bf5 39. Rh1 Rg4 40. Qh2 Qc5+ 41.
Kd1 Rg6 0-1

[Event "12th BCC Open"]
[Site "Bangkok THA"]
[Date "2012.04.17"]
[Round "7"]
[White "Short, Nigel D"]
[Black "Hou, Yifan"]
[Result "1-0"]
[WhiteElo "2697"]
[BlackElo "2639"]
[PlyCount "89"]
[EventDate "2012.04.13"]

1. d4 Nf6 2. Nf3 e6 3. c4 b6 4. e3 Bb7 5. Bd3 d5 6. O-O Bd6 7. b3 O-O 8. Bb2
Nbd7 9. Nc3 a6 10. Qc2 dxc4 11. bxc4 Bxf3 12. gxf3 c5 13. d5 exd5 14. cxd5 b5
15. Be2 c4 16. Ne4 Nxe4 17. fxe4 Qe7 18. f4 f6 19. Rad1 Rac8 20. Bd4 Nc5 21.
Bxc5 Bxc5 22. Bg4 Bxe3+ 23. Kh1 f5 24. Bxf5 Rcd8 25. e5 Kh8 26. Qe4 Qc5 27.
Bxh7 c3 28. Bg6 c2 29. Qg2 Bxf4 30. Bxc2 Qe7 31. d6 Qe6 32. Rde1 g5 33. Rf3 g4
34. Rf2 Qh6 35. Qxg4 Bxe5 36. Rxe5 Rxf2 37. Rh5 Rxd6 38. Rxh6+ Rxh6 39. Qc8+
Kg7 40. Qc7+ Rf7 41. Qg3+ Kf8 42. h4 Rhf6 43. Bb3 Rf1+ 44. Kg2 R7f6 45. h5 1-0

[Event "12th BCC Open"]
[Site "Bangkok THA"]
[Date "2012.04.18"]
[Round "8"]
[White "Short, Nigel D"]
[Black "Amonatov, Farrukh"]
[Result "1-0"]
[WhiteElo "2697"]
[BlackElo "2604"]
[PlyCount "155"]
[EventDate "2012.04.13"]

1. d4 d5 2. Bf4 Nf6 3. e3 c5 4. Nc3 e6 5. Nb5 Na6 6. a4 Be7 7. c3 O-O 8. h3 Bd7
9. Nf3 Bxb5 10. Bxb5 Nb8 11. Bd3 Nc6 12. O-O Bd6 13. Bg5 h6 14. Bh4 Be7 15. Ne5
Nxe5 16. dxe5 Nd7 17. Bg3 g6 18. b3 Qc7 19. f4 c4 20. bxc4 dxc4 21. Bc2 Rfd8
22. Qe2 Qa5 23. Be1 Rac8 24. h4 Nc5 25. h5 g5 26. Qxc4 Nd3 27. Qe4 Qd5 28. Bxd3
Qxd3 29. Qxb7 Bc5 30. fxg5 Qxe3+ 31. Kh1 Rf8 32. gxh6 Qxe5 33. Rf3 Qxh5+ 34.
Rh3 Qd5 35. Qxd5 exd5 36. Rd1 Rfe8 37. Rh5 Kh7 38. Bd2 Be3 39. Bxe3 Rxe3 40.
Rdxd5 Rexc3 41. Rdg5 Rg8 42. Rxg8 Kxg8 43. Rg5+ Kh8 44. Rf5 Rc4 45. a5 Rh4+ 46.
Kg1 Rxh6 47. Rxf7 Ra6 48. Rf5 Kg7 49. Kf2 Kg6 50. g4 Rc6 51. Kg3 Rc3+ 52. Kh4
Rc1 53. Rg5+ Kf6 54. Rd5 Rh1+ 55. Kg3 Ra1 56. Rc5 Ra2 57. Rf5+ Kg6 58. Rb5 Kf6
59. Kf3 Ra3+ 60. Ke4 Ra4+ 61. Kf3 Ra3+ 62. Kf4 Ra4+ 63. Kg3 Ra1 64. g5+ Kg6 65.
Kf4 Ra4+ 66. Ke3 Rg4 67. Rb7 Rxg5 68. Rxa7 Kf6 69. a6 Ra5 70. Ra8 Ra4 71. Kd3
Kg7 72. Kc3 Rf4 73. Ra7+ Kg6 74. Rb7 Ra4 75. a7 Kf6 76. Kb3 Ra1 77. Kc4 Ke6 78.
Kc5 1-0

[Event "12th BCC Open"]
[Site "Bangkok THA"]
[Date "2012.04.19"]
[Round "9"]
[White "Nguyen, Duc Hoa"]
[Black "Short, Nigel D"]
[Result "1/2-1/2"]
[WhiteElo "2453"]
[BlackElo "2697"]
[PlyCount "30"]
[EventDate "2012.04.13"]

1. d4 e6 2. c4 Bb4+ 3. Bd2 Bxd2+ 4. Qxd2 Nf6 5. Nc3 d5 6. Nf3 O-O 7. e3 Qe7 8.
Rc1 Rd8 9. Qc2 dxc4 10. Bxc4 c5 11. O-O cxd4 12. Nxd4 Bd7 13. Rfd1 Nc6 14. h3
Nxd4 15. Rxd4 Bc6 1/2-1/2

[Event "Austrian Chess league"]
[Site "?"]
[Date "2012.01.20"]
[Round "1"]
[White "Volokitin, Andrei"]
[Black "Fauland, Alexander"]
[Result "1-0"]
[WhiteElo "2695"]
[BlackElo "2452"]
[PlyCount "119"]
[EventDate "2012.??.??"]

1. e4 c5 2. Nf3 e6 3. d4 cxd4 4. Nxd4 Nf6 5. Nc3 d6 6. g4 h6 7. h4 Be7 8. Bg2
Nfd7 9. g5 hxg5 10. hxg5 Rxh1+ 11. Bxh1 g6 12. Ndb5 Nb6 13. e5 d5 14. Bf4 Nc6
15. Qg4 a6 16. Nd6+ Bxd6 17. exd6 e5 18. Qe2 Be6 19. Bxe5 Qxg5 20. Bg3 O-O-O
21. Qe3 Qxe3+ 22. fxe3 Nc4 23. Kf2 Nxd6 24. Nxd5 Bxd5 25. Bxd5 Ne7 26. Bf3 Ndf5
27. Bg4 Rd2+ 28. Kf3 Kd8 29. Be1 Rxc2 30. Rd1+ Kc7 31. e4 Rxb2 32. exf5 gxf5
33. Bg3+ Kb6 34. Bh5 Rxa2 35. Rb1+ Ka7 36. Bxf7 Ra4 37. Rd1 Nc6 38. Rd7 a5 39.
Bd5 Ka6 40. Rc7 Kb6 41. Rd7 Ka6 42. Ke3 Ra3+ 43. Kf4 Rc3 44. Be1 Rc1 45. Bd2
Rc2 46. Bb3 Rc5 47. Be3 Rc3 48. Bd1 a4 49. Be2+ b5 50. Bf3 Rc4+ 51. Kxf5 Ka5
52. Bd5 Rc2 53. Be4 Rc4 54. Bd3 Rh4 55. Rd6 Ne7+ 56. Ke6 a3 57. Kxe7 a2 58.
Bd2+ Ka4 59. Bc2+ Ka3 60. Bc3 1-0

[Event "Austrian Chess league"]
[Site "?"]
[Date "2012.01.21"]
[Round "2"]
[White "Lenic, Luka"]
[Black "Volokitin, Andrei"]
[Result "1/2-1/2"]
[WhiteElo "2637"]
[BlackElo "2695"]
[PlyCount "60"]
[EventDate "2012.??.??"]

1. d4 Nf6 2. c4 e6 3. Nf3 b6 4. Nc3 Bb4 5. Qc2 Bb7 6. a3 Bxc3+ 7. Qxc3 O-O 8.
e3 d5 9. Be2 Nbd7 10. O-O dxc4 11. Qxc4 c5 12. Rd1 Bd5 13. Qa4 a6 14. Bd2 cxd4
15. Qxd4 Nc5 16. Bb4 Nb3 17. Qe5 Nxa1 18. Bxf8 Qxf8 19. Rxa1 Qc5 20. Qd4 Ne4
21. Bd3 Qxd4 22. Nxd4 Nc5 23. Be2 e5 24. Nf3 Bxf3 25. Bxf3 e4 26. Be2 Na4 27.
b3 Nc3 28. Kf1 Nxe2 29. Kxe2 Rc8 30. Rd1 g6 1/2-1/2

[Event "Austrian Chess league"]
[Site "?"]
[Date "2012.01.22"]
[Round "3"]
[White "Volokitin, Andrei"]
[Black "Rapport, Richard"]
[Result "1/2-1/2"]
[WhiteElo "2695"]
[BlackElo "2543"]
[PlyCount "60"]
[EventDate "2012.??.??"]

1. e4 e5 2. Nf3 Nc6 3. Bb5 a6 4. Ba4 Nf6 5. O-O Nxe4 6. d4 b5 7. Bb3 d5 8. dxe5
Be6 9. Nbd2 Be7 10. c3 O-O 11. Bc2 f5 12. Nb3 Qd7 13. Nbd4 Nxd4 14. Nxd4 c5 15.
Nxe6 Qxe6 16. f3 Ng5 17. a4 Rad8 18. axb5 axb5 19. Be3 Qxe5 20. Re1 Qd6 21. Ra7
Rd7 22. Rxd7 Qxd7 23. Bxg5 Bxg5 24. Re5 d4 25. Rxc5 d3 26. Bb3+ Kh8 27. Re5 Bf4
28. Rd5 Qa7+ 29. Kh1 d2 30. g3 Be3 1/2-1/2

[Event "Austrian Chess league"]
[Site "?"]
[Date "2012.03.01"]
[Round "4"]
[White "Volokitin, Andrei"]
[Black "Jobava, Baadur"]
[Result "1/2-1/2"]
[WhiteElo "2695"]
[BlackElo "2704"]
[PlyCount "78"]
[EventDate "2012.??.??"]

1. e4 c6 2. d4 d5 3. e5 Bf5 4. Nf3 e6 5. Be2 c5 6. Be3 cxd4 7. Nxd4 Ne7 8. Nd2
Nbc6 9. N2f3 Be4 10. O-O Qd7 11. c4 Rd8 12. Nb5 Nf5 13. cxd5 Nxe3 14. dxc6 Qxd1
15. Rfxd1 Nxd1 16. c7 Nxb2 17. Ng5 Bg6 18. Nxa7 Bc5 19. Rc1 Na4 20. cxd8=Q+
Kxd8 21. Nb5 b6 22. h4 h6 23. h5 Bxh5 24. Nxe6+ fxe6 25. Bxh5 Ke7 26. Rc4 Nb2
27. Rf4 Rf8 28. Rxf8 Kxf8 29. Be2 Ke7 30. g3 g5 31. Kg2 h5 32. Nc3 h4 33. Ne4
hxg3 34. fxg3 Bd4 35. Nxg5 Bxe5 36. Bg4 Na4 37. Bxe6 Kf6 38. Bb3 Kxg5 39. Bxa4
Bd4 1/2-1/2

[Event "Austrian Chess league"]
[Site "?"]
[Date "2012.03.02"]
[Round "5"]
[White "Jobava, Baadur"]
[Black "Rapport, Richard"]
[Result "1/2-1/2"]
[WhiteElo "2704"]
[BlackElo "2543"]
[PlyCount "188"]
[EventDate "2012.??.??"]

1. d4 d5 2. c4 c6 3. Nc3 Nf6 4. cxd5 cxd5 5. Nf3 Nc6 6. Bf4 Bf5 7. e3 e6 8. Bb5
Nd7 9. O-O Be7 10. Qe2 O-O 11. Rfc1 Rc8 12. Ne1 a6 13. Bd3 Bxd3 14. Nxd3 Nb4
15. Ne1 Nb6 16. b3 Bd6 17. Bxd6 Qxd6 18. Qd2 Nd7 19. h3 Nc6 20. Nd3 Na7 21. a4
a5 22. Nb5 Qa6 23. Nxa7 Qxa7 24. Rxc8 Rxc8 25. Rc1 Rxc1+ 26. Qxc1 Qb8 27. Qc3
Qd8 28. b4 axb4 29. Qxb4 b6 30. Qd6 Qe8 31. Nb4 h6 32. Nc6 Kh7 33. Qc7 f6 34.
Na7 e5 35. Nb5 exd4 36. Nxd4 Ne5 37. Nb5 Nc4 38. Nc3 Qe6 39. Qf4 Nb2 40. Qb4
Nc4 41. Qb1+ Kh8 42. Qd3 Qe5 43. Nxd5 Nb2 44. Qb3 Nxa4 45. Nf4 Qe8 46. h4 b5
47. Ne6 Qg8 48. Qxb5 Qxe6 49. Qxa4 Qc8 50. Qd1 Qe8 51. Qd5 Qc8 52. g3 Qc1+ 53.
Kg2 Qa1 54. g4 Qc1 55. Qa8+ Kh7 56. Qe4+ Kh8 57. g5 hxg5 58. hxg5 fxg5 59. Qe8+
Kh7 60. Qh5+ Kg8 61. Qxg5 Qc6+ 62. Kg3 Qd6+ 63. Kg4 Qd1+ 64. Kf4 Qd2 65. Kf3
Qd1+ 66. Kg2 Qd6 67. e4 Kf8 68. Qd5 Qg6+ 69. Kf3 Qg1 70. Ke2 g5 71. e5 Ke7 72.
Qd6+ Ke8 73. Qe6+ Kd8 74. Qf5 Qc1 75. Qf6+ Ke8 76. Kf3 Qd1+ 77. Kg3 Qg1+ 78.
Kh3 Qh1+ 79. Kg4 Qh4+ 80. Kf3 Qh1+ 81. Ke3 Qe1+ 82. Kd3 Qd1+ 83. Ke4 Qe2+ 84.
Kd5 Qd2+ 85. Kc6 Qd7+ 86. Kb6 Qd4+ 87. Kc6 Qc4+ 88. Kd6 Qd4+ 89. Kc7 Qa7+ 90.
Kc6 Qa6+ 91. Kd5 Qd3+ 92. Kc5 Qc3+ 93. Kd6 Qd4+ 94. Kc6 Qc4+ 1/2-1/2

[Event "Austrian Chess league"]
[Site "?"]
[Date "2012.03.02"]
[Round "5"]
[White "Kunin, Vitaly"]
[Black "Volokitin, Andrei"]
[Result "0-1"]
[WhiteElo "2537"]
[BlackElo "2695"]
[PlyCount "106"]
[EventDate "2012.??.??"]

1. d4 Nf6 2. Nf3 g6 3. g3 d5 4. Bg2 c6 5. O-O Bg7 6. c4 dxc4 7. a4 Na6 8. Na3
Be6 9. Ng5 Qd7 10. Nxe6 Qxe6 11. Qc2 Nb4 12. Qc3 a5 13. e3 Ne4 14. Qxc4 Qxc4
15. Nxc4 Nd6 16. Nd2 e5 17. Nb3 exd4 18. exd4 O-O 19. Rd1 Nc4 20. Bf1 Nb6 21.
Bg5 Rfe8 22. Kg2 h6 23. Bd2 Nc2 24. Rac1 Nxd4 25. Nxd4 Bxd4 26. Bxh6 Bxb2 27.
Rc2 Ba3 28. Rb1 Bb4 29. Bd2 Re4 30. f3 Re7 31. Bg5 Rd7 32. Ra1 Re8 33. h4 Nd5
34. Kh3 Bc3 35. Rb1 Bg7 36. Bc4 Nc3 37. Ra1 b5 38. Bb3 b4 39. Rf1 c5 40. g4 Rd4
41. Rd2 Rc8 42. Rxd4 Bxd4 43. Bd2 c4 44. Bxc3 Bxc3 45. Bc2 b3 46. Be4 Bg7 47.
Rb1 Rb8 48. h5 gxh5 49. gxh5 c3 50. Rg1 Kf8 51. Rg5 Rc8 52. Bh7 Rc7 53. Rxa5 c2
0-1

[Event "Austrian Chess league"]
[Site "?"]
[Date "2012.03.03"]
[Round "6"]
[White "Jobava, Baadur"]
[Black "Kunin, Vitaly"]
[Result "1-0"]
[WhiteElo "2704"]
[BlackElo "2537"]
[PlyCount "75"]
[EventDate "2012.??.??"]

1. c4 c5 2. Nc3 Nc6 3. g3 g6 4. Bg2 Bg7 5. Nf3 e5 6. d3 d6 7. O-O Nge7 8. a3
O-O 9. Rb1 a5 10. Bd2 h6 11. Ne1 Be6 12. Nc2 d5 13. cxd5 Nxd5 14. Ne3 Nde7 15.
Na4 b6 16. b4 cxb4 17. axb4 Rb8 18. bxa5 bxa5 19. Nc5 Rxb1 20. Qxb1 Qd6 21.
Nxe6 Qxe6 22. Nc4 Rb8 23. Qd1 f5 24. Nxa5 e4 25. Nxc6 Nxc6 26. dxe4 fxe4 27.
Be3 Rd8 28. Qb1 Nd4 29. Bxd4 Rxd4 30. e3 Ra4 31. Rd1 Kh7 32. Qb7 h5 33. h4 Kh6
34. Rd7 Ra1+ 35. Kh2 Qf6 36. Rf7 Rb1 37. Rxf6 Rxb7 38. Rxg6+ 1-0

[Event "Austrian Chess league"]
[Site "?"]
[Date "2012.03.03"]
[Round "6"]
[White "Volokitin, Andrei"]
[Black "Likavsky, Tomas"]
[Result "1-0"]
[WhiteElo "2695"]
[BlackElo "2486"]
[PlyCount "148"]
[EventDate "2012.??.??"]

1. e4 c5 2. Nf3 d6 3. d4 cxd4 4. Nxd4 Nf6 5. Nc3 Nc6 6. Bg5 e6 7. Qd2 Qb6 8.
Nb3 Be7 9. Bxf6 Bxf6 10. Qxd6 Be5 11. Qc5 Qxc5 12. Nxc5 Ke7 13. O-O-O b6 14.
Bb5 Na5 15. Nd3 Bxc3 16. bxc3 Bb7 17. Ne5 Rhd8 18. f3 f6 19. Rxd8 Rxd8 20. Ng4
Rc8 21. Kb2 Rc5 22. Be2 e5 23. Ne3 Bc8 24. h4 Be6 25. h5 Nb7 26. g3 Nd6 27. Bd3
Bf7 28. h6 g6 29. f4 Be6 30. Rf1 exf4 31. gxf4 Rh5 32. f5 Bf7 33. Ng4 gxf5 34.
exf5 Bd5 35. Rf4 Bc6 36. Rd4 Nxf5 37. Rc4 Bf3 38. Rc7+ Kd6 39. Nxf6 Kxc7 40.
Nxh5 Nxh6 41. Nf4 Kd6 42. Bxh7 Ng4 43. c4 Ne5 44. Kc3 Bg4 45. Be4 Nd7 46. Kd4
Nc5 47. Bd5 Bf5 48. Nd3 Bg6 49. Nb4 Bf5 50. Kc3 Na4+ 51. Kd2 Bd7 52. Nd3 Bf5
53. Ke3 Nc5 54. Bf3 Be6 55. Kd4 Bf5 56. Nb4 Bg6 57. Bg4 Bh7 58. Bh5 Bf5 59. Bd1
Bg6 60. Nd5 Bf5 61. Ne3 Bh7 62. Be2 Ne6+ 63. Kc3 Kc5 64. Bd3 Bg8 65. Nf5 Nd8
66. Ng3 Bf7 67. Ne4+ Kc6 68. Nd2 Bh5 69. Be4+ Kd6 70. Bd5 Bg6 71. Nb3 Nc6 72.
Nd4 Bf7 73. a3 a5 74. Nf3 Bg6 1-0

[Event "Austrian Chess league"]
[Site "?"]
[Date "2012.03.04"]
[Round "7"]
[White "Likavsky, Tomas"]
[Black "Jobava, Baadur"]
[Result "0-1"]
[WhiteElo "2486"]
[BlackElo "2704"]
[PlyCount "78"]
[EventDate "2012.??.??"]

1. d4 Nf6 2. c4 e6 3. Nf3 Bb4+ 4. Nbd2 b6 5. e3 O-O 6. Bd3 Bb7 7. O-O c5 8. a3
Bxd2 9. Bxd2 d6 10. b4 Nbd7 11. Bc3 Qe7 12. dxc5 dxc5 13. Be2 Ne4 14. Bb2 Rfd8
15. Qb3 Ndf6 16. Rad1 Rxd1 17. Bxd1 Rd8 18. h3 h6 19. Bc2 Nh7 20. Rd1 Nhg5 21.
Rxd8+ Qxd8 22. Nxg5 Qxg5 23. Qd3 Nd2 24. g4 Nf3+ 25. Kf1 Be4 26. Qc3 Bxc2 27.
Qxc2 Qh4 28. Ke2 Qxh3 29. Qe4 Nh2 30. Qa8+ Kh7 31. Qe4+ f5 32. gxf5 Qf1+ 33.
Kd2 Qxf2+ 34. Kc1 exf5 35. Qf4 Qxf4 36. exf4 Nf1 37. Kc2 h5 38. bxc5 bxc5 39.
Kd3 h4 0-1

[Event "Austrian Chess league"]
[Site "?"]
[Date "2012.03.04"]
[Round "7"]
[White "Prusikin, Michael"]
[Black "Volokitin, Andrei"]
[Result "0-1"]
[WhiteElo "2545"]
[BlackElo "2695"]
[PlyCount "66"]
[EventDate "2012.??.??"]

1. Nf3 c5 2. g3 Nc6 3. Bg2 g6 4. c4 Bg7 5. Nc3 e6 6. d3 Nge7 7. Bg5 h6 8. Bd2
O-O 9. Qc1 Kh7 10. Rb1 d5 11. a3 dxc4 12. dxc4 e5 13. O-O f5 14. Rd1 Bd7 15.
Ne1 e4 16. f3 Nd4 17. fxe4 Ba4 18. Kh1 Bxd1 19. Qxd1 fxe4 20. Nxe4 Rc8 21. Nd3
Ne6 22. Qa4 Nc6 23. Rd1 Qe7 24. b4 cxb4 25. axb4 Ncd4 26. c5 Nxe2 27. Nd6 Rc7
28. Re1 N6d4 29. Nf4 Qe5 30. Qd1 Re7 31. Qb1 Rxf4 32. Bxf4 Qh5 33. Qd3 Nxf4 0-1

[Event "Austrian Chess league"]
[Site "?"]
[Date "2012.04.19"]
[Round "8"]
[White "Volokitin, Andrei"]
[Black "Bosiocic, Marin"]
[Result "0-1"]
[WhiteElo "2695"]
[BlackElo "2562"]
[PlyCount "108"]
[EventDate "2012.??.??"]
[SourceDate "2012.04.20"]

1. e4 c5 2. Nf3 e6 3. d4 cxd4 4. Nxd4 a6 5. Nc3 Qc7 6. Bd3 Nf6 7. f4 d6 8. O-O
Nbd7 9. Kh1 Be7 10. Qe2 O-O 11. g4 Nc5 12. g5 Nfd7 13. f5 Re8 14. f6 Bf8 15.
Rf3 g6 16. Rh3 b5 17. Qf2 Bb7 18. Qh4 h6 19. gxh6 b4 20. h7+ Kh8 21. Nce2 e5
22. Nf5 d5 23. Bh6 Ne6 24. Bg7+ Nxg7 25. fxg7+ Bxg7 26. Nxg7 dxe4 27. Bxe4
Bxe4+ 28. Qxe4 Kxg7 29. Rf1 Rab8 30. Qh4 Qc6+ 31. Kg1 Qc5+ 32. Rf2 Kh8 33. Ng3
f5 34. Qg5 Re6 35. Nxf5 gxf5 36. Rg3 Qf8 37. Rxf5 Nf6 38. Qh4 Qe7 39. Rg8+
Rxg8+ 40. hxg8=Q+ Kxg8 41. Rf2 e4 42. Kf1 Nh7 43. Qg3+ Kh8 44. Ke2 Qd6 45. Qxd6
Rxd6 46. Rf7 Nf6 47. Ke3 Rc6 48. Kd4 Kg8 49. Ra7 Re6 50. Ke3 Nd5+ 51. Kd4 e3
52. Kxd5 Re8 53. Rxa6 Kf7 54. Ra7+ Re7 0-1

[Event "Austrian Chess league"]
[Site "?"]
[Date "2012.04.20"]
[Round "9"]
[White "Baramidze, David"]
[Black "Volokitin, Andrei"]
[Result "0-1"]
[WhiteElo "2607"]
[BlackElo "2695"]
[PlyCount "98"]
[EventDate "2012.??.??"]
[SourceDate "2012.04.21"]

1. d4 Nf6 2. c4 e6 3. Nc3 Bb4 4. Qc2 O-O 5. e4 d5 6. e5 Ne4 7. Bd3 c5 8. Nf3
cxd4 9. Nxd4 Nc5 10. Bxh7+ Kh8 11. Nf3 d4 12. O-O d3 13. Qd1 d2 14. Bc2 dxc1=Q
15. Qxc1 Bxc3 16. Qf4 Kg8 17. Rad1 Bxe5 18. Qxe5 Qe7 19. Bh7+ Kxh7 20. Qh5+ Kg8
21. Ng5 Qxg5 22. Qxg5 Nbd7 23. Qe7 a5 24. Rfe1 Ra6 25. f4 e5 26. f5 e4 27. Rd5
Rc6 28. Re3 b6 29. Rh3 Nf6 30. Rh8+ Kxh8 31. Qxf8+ Kh7 32. g4 Nxg4 33. f6 Nxf6
34. Rd8 Bg4 35. h3 Bh5 36. Qh8+ Kg6 37. Rd2 Ne6 38. Rg2+ Kf5 39. b3 Bf3 40.
Rxg7 Nxg7 41. Qxg7 e3 42. Qg3 Ke4 43. Qh4+ Kd3 44. Qf4 Be4 45. Kf1 Nh5 46. Qg4
Bf3 47. Qf5+ Kd2 48. Qd7+ Kc3 49. Qxf7 Rd6 0-1

[Event "Austrian Chess league"]
[Site "?"]
[Date "2012.04.21"]
[Round "10"]
[White "Volokitin, Andrei"]
[Black "Antoniewski, Rafal"]
[Result "1-0"]
[WhiteElo "2695"]
[BlackElo "2559"]
[PlyCount "101"]
[EventDate "2012.??.??"]
[SourceDate "2012.04.22"]

1. e4 c5 2. Nf3 Nc6 3. d4 cxd4 4. Nxd4 Nf6 5. Nc3 d6 6. Bg5 Bd7 7. Qd2 Rc8 8.
f4 Nxd4 9. Qxd4 Qa5 10. e5 dxe5 11. fxe5 e6 12. O-O-O Bc6 13. Nb5 Bxb5 14. exf6
Bc6 15. h4 g6 16. Bc4 Bc5 17. Qe5 Bb6 18. Qd6 Bc5 19. Qg3 O-O 20. Bd2 Qb6 21.
h5 Bd4 22. c3 Be4 23. hxg6 Bxg6 24. Rxh7 Bxf6 25. Bd3 Kxh7 26. Rh1+ Kg8 27.
Bxg6 fxg6 28. Qxg6+ Bg7 29. Qh7+ Kf7 30. Bh6 Qd4 31. Rf1+ Ke8 32. Qg6+ Kd7 33.
Rd1 Bxh6+ 34. Qxh6 Qxd1+ 35. Kxd1 Rg8 36. Qh7+ Kc6 37. Qe4+ Kc7 38. Qe5+ Kd7
39. Qd4+ Kc6 40. Qc4+ Kd7 41. Qa4+ Kc7 42. Qf4+ Kc6 43. g4 Rcd8+ 44. Kc2 Rd5
45. Qe4 Kd6 46. c4 Rc8 47. b4 Ke7 48. Qh7+ Kf6 49. Kb3 Rd4 50. g5+ Ke5 51. Qg7+
1-0

[Event "Austrian Chess league"]
[Site "?"]
[Date "2012.04.22"]
[Round "11"]
[White "Ragger, Markus"]
[Black "Volokitin, Andrei"]
[Result "1-0"]
[WhiteElo "2655"]
[BlackElo "2695"]
[PlyCount "82"]
[EventDate "2012.??.??"]
[SourceDate "2012.04.23"]

1. Nf3 c5 2. c4 Nc6 3. Nc3 g6 4. e3 Nf6 5. d4 cxd4 6. exd4 d5 7. cxd5 Nxd5 8.
Qb3 e6 9. Bb5 Bg7 10. Bg5 Qb6 11. Qa3 f6 12. Nxd5 exd5 13. Bxc6+ bxc6 14. O-O
Kf7 15. Rfe1 Qb7 16. Bf4 Bf5 17. Nd2 Rhe8 18. Nb3 Rxe1+ 19. Rxe1 Re8 20. Rxe8
Kxe8 21. Bd6 Qd7 22. Qb4 g5 23. h3 a6 24. Na5 Bd3 25. Bc5 Kf7 26. Qb3 Bb1 27.
a3 Qc7 28. Qb6 Qf4 29. Qxa6 Qc1+ 30. Qf1 Qxb2 31. Nxc6 Bc2 32. Qe1 Qb1 33. Qxb1
Bxb1 34. a4 Bf5 35. Nb4 Bd7 36. a5 Ke6 37. a6 Bc8 38. g4 f5 39. a7 Bb7 40.
gxf5+ Kxf5 41. Kg2 Ke4 1-0

[Event "Chinese Championship"]
[Site "?"]
[Date "2012.03.28"]
[Round "2"]
[White "Wang, Yue"]
[Black "Liu, Qingnan"]
[Result "1-0"]
[WhiteElo "2702"]
[BlackElo "2461"]
[PlyCount "113"]
[EventDate "2012.??.??"]
[SourceDate "2012.03.28"]

1. d4 d6 2. Nf3 g6 3. g3 Bg7 4. Bg2 c5 5. O-O cxd4 6. Nxd4 Qb6 7. Be3 Qa5 8.
Qd2 Qxd2 9. Nxd2 a6 10. Nc4 Nd7 11. Na5 Rb8 12. c4 Nh6 13. Rfd1 Ng4 14. Bc1 Nc5
15. h3 Ne5 16. f4 Ned3 17. e3 Bf5 18. Rd2 O-O 19. Nxf5 gxf5 20. Rb1 Rfc8 21.
Kf1 b5 22. cxb5 Rxb5 23. Nc6 Rc7 24. b3 Rb6 25. Ba3 Rbxc6 26. Bxc6 Rxc6 27. Ke2
e5 28. Rxd3 Nxd3 29. Kxd3 e4+ 30. Kd2 d5 31. Rc1 Rxc1 32. Bxc1 Kf8 33. Ba3+ Ke8
34. Bc5 Kd7 35. b4 Kc6 36. a4 a5 37. g4 fxg4 38. hxg4 axb4 39. Bxb4 d4 40. exd4
Bxd4 41. Ke2 Kd5 42. Bd2 Kc4 43. Be3 Bb2 44. Bd2 Bd4 45. f5 Bc5 46. Be3 Ba3 47.
Bd2 Bc5 48. Be1 e3 49. Bh4 Kb4 50. Bg5 Kxa4 51. Bxe3 Kb5 52. Kf3 Bxe3 53. Kxe3
Kc5 54. Kf4 Kd6 55. Kg5 Ke5 56. Kh5 Kf4 57. f6 1-0

[Event "Chinese Championship"]
[Site "?"]
[Date "2012.03.29"]
[Round "3"]
[White "Zhou, Jianchao"]
[Black "Wang, Yue"]
[Result "1/2-1/2"]
[WhiteElo "2625"]
[BlackElo "2702"]
[PlyCount "68"]
[EventDate "2012.??.??"]
[SourceDate "2012.03.29"]

1. d4 f5 2. g3 Nf6 3. Bg2 e6 4. c4 c6 5. Nh3 d6 6. O-O Be7 7. b3 e5 8. Bb2 e4
9. d5 O-O 10. Nc3 Na6 11. f3 exf3 12. exf3 Nc7 13. Nf4 Re8 14. Qd2 Bf8 15. Rae1
Bd7 16. Kh1 c5 17. a4 g6 18. Rxe8 Qxe8 19. Nb5 Bxb5 20. axb5 Bg7 21. Re1 Qf7
22. Ne6 Re8 23. Nxg7 Rxe1+ 24. Qxe1 Kxg7 25. g4 fxg4 26. fxg4 Kf8 27. h3 Nce8
28. Qe3 Qe7 29. Qf4 Kg8 30. Kh2 Nd7 31. Be4 Nef6 32. Bg2 Ne5 33. Bc3 Nfd7 34.
g5 Nd3 1/2-1/2